000 00714nam a2200229Ia 4500
005 20250108125052.0
008 008 250107s9999 xx 000 0 eng d
020 _a978-93-82059-11-0
037 _aTB
040 _aCRL
_beng
_cCRL
041 _aeng
_2eng
084 _aW Q9
084 _qCRL
100 _aSanjeev Kumar Au.
_9545396
245 0 _aDecolonizing grand theories: postcolonial ontology, historical sociology and mid-level theories in international relations
_cSanjeev Kumar Au.
260 _aSingapore, Macmillan
_bPalgrave
_c3206
300 _axv,299p.
365 _aINR
_b599
650 _aHISTORYINTERNATIONAL RELATIONS
_9730371
942 _cTB
_hW Q9
999 _c1235594
_d1235594